Statistics for Top 15 Goalies in the NHL 2017

Click here to take the quiz!

General Stats

  • This quiz has been taken 95 times
  • The average score is 11 of 15

Answer Stats

Answer% Correct
Carey Price
92%
Tuukka Rask
88%
Henrik Lundqvist
87%
Braden Holtby
85%
Pekka Rinne
85%
Jonathan Quick
80%
Corey Crawford
77%
Sergei Bobrovsky
77%
Matt Murray
76%
Ben Bishop
75%
Devan Dubnyk
69%
John Gibson
65%
Martin Jones
56%
Cam Talbot
55%
Cory Schneider
48%

Score Distribution

Percentile by Number Answered

Percent of People with Each Score

Your Score History

You have not taken this quiz